| 000 | 01870nam a22002657a 4500 | ||
|---|---|---|---|
| 008 | 251015b |||||||| |||| 00| 0 eng d | ||
| 020 | _a9780778311973 | ||
| 040 | _ctbs | ||
| 041 | _aeng | ||
| 050 |
_aPS3616.E5563 _bL67 2021 |
||
| 100 |
_aPenner, Sarah _926175 _eauthor |
||
| 245 |
_aThe lost apothecary _c/ Sarah Penner. |
||
| 260 |
_aOntario : _bPark Row Books, _c2022. |
||
| 300 |
_a316 pages : _bmap ; _c21 cm. |
||
| 520 | _aHidden in the depths of eighteenth-century London, a secret apothecary shop caters to an unusual kind of clientele. Women across the city whisper of a mysterious figure named Nella who sells well-disguised poisons to use against the oppressive men in their lives. But the apothecary’s fate is jeopardized when her newest patron, a precocious twelve-year-old, makes a fatal mistake, sparking a string of consequences that echo through the centuries. Meanwhile in present-day London, aspiring historian Caroline Parcewell spends her tenth wedding anniversary alone, running from her own demons. When she stumbles upon a clue to the unsolved apothecary murders that haunted London two hundred years ago, her life collides with the apothecary’s in a stunning twist of fate—and not everyone will survive. With crackling suspense, unforgettable characters and searing insight, The Lost Apothecary is a subversive and intoxicating debut novel of secrets, vengeance and the remarkable ways women can save each other despite the barrier of time. | ||
| 650 | 0 |
_aPharmacists _vFiction _926176 |
|
| 650 | 0 |
_aMurder _vFiction _925440 |
|
| 650 | 0 |
_aMurder _xInvestigation _vFiction _97769 |
|
| 650 | 0 |
_aSecrecy _vFiction _925722 |
|
| 651 | 0 |
_aLondon (England) _vFiction _924106 |
|
| 651 | 0 |
_aLondon (England) _xHistory _y18th century _vFiction _926177 |
|
| 655 | 0 |
_aMystery fiction _922735 |
|
| 655 | 0 |
_aHistorical fiction _922722 |
|
| 942 | _2lcc | ||
| 999 |
_c5051 _d5051 |
||